|
|
|
|
| LEADER |
01563nam a2200409Ia 4500 |
| 001 |
EBC178471 |
| 003 |
MiAaPQ |
| 005 |
20200520144314.0 |
| 006 |
m o d | |
| 007 |
cr cn||||||||| |
| 008 |
001024s2001 enka sb 001 0 eng d |
| 010 |
|
|
|z 2001051780
|
| 020 |
|
|
|z 0203464370
|
| 020 |
|
|
|z 0415223334
|
| 020 |
|
|
|z 0415343291 (pbk.)
|
| 035 |
|
|
|a (MiAaPQ)EBC178471
|
| 035 |
|
|
|a (Au-PeEL)EBL178471
|
| 035 |
|
|
|a (CaPaEBR)ebr10053925
|
| 035 |
|
|
|a (CaONFJC)MIL3740
|
| 035 |
|
|
|a (OCoLC)252880312
|
| 040 |
|
|
|a MiAaPQ
|c MiAaPQ
|d MiAaPQ
|
| 050 |
|
4 |
|a HF5549.2.D48
|b H859 2001
|
| 082 |
0 |
4 |
|a 658.3/009172/4
|2 21
|
| 245 |
0 |
0 |
|a Human resource management in developing countries
|h [electronic resource] /
|c edited by Pawan S. Budhwar and Yaw A. Debrah.
|
| 260 |
|
|
|a London ;
|a New York :
|b Routledge,
|c 2001.
|
| 300 |
|
|
|a xix, 264 p. :
|b ill.
|
| 490 |
1 |
|
|a Routledge research in employment relations ;
|v 5
|
| 504 |
|
|
|a Includes bibliographical references and indexes.
|
| 533 |
|
|
|a Electronic reproduction. Ann Arbor, MI : ProQuest, 2015. Available via World Wide Web. Access may be limited to ProQuest affiliated libraries.
|
| 650 |
|
0 |
|a Personnel management
|z Developing countries.
|
| 650 |
|
0 |
|a Human capital
|z Developing countries
|x Management.
|
| 655 |
|
4 |
|a Electronic books.
|
| 700 |
1 |
|
|a Budhwar, Pawan S.
|
| 700 |
1 |
|
|a Debrah, Yaw A.,
|d 1956-
|
| 710 |
2 |
|
|a ProQuest (Firm)
|
| 830 |
|
0 |
|a Routledge research in employment relations ;
|v 5.
|
| 856 |
4 |
0 |
|u https://ebookcentral.proquest.com/lib/matrademy/detail.action?docID=178471
|z Click to View
|